Drapeau correct ou incorrect? #9 - Mort subite - Statistiques

Statistiques générales
  • Ce quiz a été pris 258 fois
    40 depuis la dernière actualisation
  • Le résultat moyen est 4 sur 20
Answers on the Grid
Answers color-coded by a green-red scale on the quiz's grid according to % correct below.
 
Statistiques - réponses
Réponse % Correct
43%
43%
29%
29%
29%
29%
21%
21%
14%
14%
14%
14%
14%
14%
14%
14%
7%
7%
0%
0%
Aucun quiz correspondant
Distribution des résultats
% des personnes avec chaque résultat
Percentile par nombre de réponses
Votre historique - résultats
Vous n’avez pas pris ce quiz depuis la dernière actualisation